Catálogo
 En Linea

Arte de la gramática de la lengua más usada en la costa del Brasil [Padre Joseph de Anchieta ; estudio de Leogário A. de Azevedo, Hijo]. (Registro nro. 41936)

Detalles MARC
000 -CABECERA
campo de control de longitud fija 00721nam a2200181 a 4500
001 - NÚMERO DE CONTROL
campo de control 000042447
005 - FECHA Y HORA DE LA ÚLTIMA TRANSACCIÓN
campo de control 20201002040149.0
008 - DATOS DE LONGITUD FIJA--INFORMACIÓN GENERAL
campo de control de longitud fija 131203s1999 sp 000 0 spa d
020 ## - NÚMERO INTERNACIONAL ESTÁNDAR DEL LIBRO
Número Internacional Estándar del Libro 8472328066
040 ## - FUENTE DE LA CATALOGACIÓN
Centro catalogador/agencia de origen DO-SdBNP
Lengua de catalogación spa
Centro/agencia transcriptor BNPHU
082 ## - NÚMERO DE LA CLASIFICACIÓN DECIMAL DEWEY
Número de clasificación xxxx
Número de documento/Ítem xxxx
100 1# - ENTRADA PRINCIPAL--NOMBRE DE PERSONA
Nombre de persona Anchieta, José de,
Fechas asociadas al nombre 1534-1597.
9 (RLIN) 69606
245 10 - MENCIÓN DE TÍTULO
Título Arte de la gramática de la lengua más usada en la costa del Brasil [Padre Joseph de Anchieta ; estudio de Leogário A. de Azevedo, Hijo].
260 ## - PUBLICACIÓN, DISTRIBUCIÓN, ETC.
Lugar de publicación, distribución, etc. Madrid :
Nombre del editor, distribuidor, etc. Ediciones de Cultura Hispánica,
Fecha de publicación, distribución, etc. 1999.
300 ## - DESCRIPCIÓN FÍSICA
Extensión 2 v. ;
Dimensiones 15 cm.
534 ## - NOTA SOBRE LA VERSIÓN ORIGINAL
Encabezamiento principal del original Reprod. facs. da ed. de: Coimbra : Antonio de Mariz, 1595
700 12 - PUNTO DE ACCESO ADICIONAL--NOMBRE DE PERSONA
Nombre de persona Azevedo Filho, Leodegário A. de (Leodegário Amarante)
Término indicativo de función/relación ed. lit.
9 (RLIN) 69607
Existencias
Estado de retiro Estado de pérdida Restricciones de uso No para préstamo Código de colección Localización permanente Ubicación/localización actual Ubicación en estantería Fecha de adquisición Número de inventario Total de préstamos Signatura topográfica completa Código de barras Fecha visto por última vez Precio válido a partir de Tipo de ítem Koha
      Excluido de préstamo Monografías: Libros y Folletos General General En catalogación 03.12.2013 LF1   xxxx xxxx 42447-10 25.06.2020 25.06.2020 No se presta
        Monografías: Libros y Folletos General General Orden iniciada 03.12.2013 LF1   xxxx xxxx 42447-20 25.06.2020 25.06.2020 No se presta

Con tecnología Koha